Vista normal
Vista MARC
Entrada Topical Term
Número de registros utilizados en: 1
001 - CONTROL NUMBER
- control field: 13798
003 - CONTROL NUMBER IDENTIFIER
- control field: OSt
005 - DATE AND TIME OF LATEST TRANSACTION
- control field: 20210223101100.0
008 - FIXED-LENGTH DATA ELEMENTS
- fixed length control field: 210223|| aca||aabn | a|a d
040 ## - CATALOGING SOURCE
- Original cataloging agency: OSt
- Transcribing agency: OSt
150 ## - HEADING--TOPICAL TERM
- Topical term or geographic name entry element: Procedimiento Criminal
- Geographic subdivision: Colombia
670 ## - SOURCE DATA FOUND
- Source citation: Work cat.: (OSt)0: Fernández León, Whanda. autor 13797, Procedimiento penal constitucional :, 2003.